000 00578nam a2200229Ia 4500
003 OSt
005 20221005130312.0
006 a|||||r|||| 00| 0
007 ta
008 221004b |||||||| |||| 00| 0 ben d
024 _a59638
037 _cTextual
040 _aCRL
_cCRL
_bben
041 _2ben
_aben
082 _aO157,3M61x, 33K2
100 _aA. Shankar
_9637908
245 0 _aRavindra kathamanjari-I
260 _c1962
650 _aBENGALI LITERATURE
942 _hO157,3M61x, 33K2
_cTEXL
_2cc
999 _c1056770
_d1056770